Statistiques concernant Le plus petit en Asie

Cliquez ici pour prendre le quiz!

Statistiques générales

  • Ce quiz a été pris 185 fois
  • Le résultat moyen est 27 sur 40

Statistiques - réponses

HintRéponse% Correct
DensémentMongolie
88%
PaysSingapour
87%
PaysQatar
86%
JetpunkBahrein
85%
PopulationBahrein
85%
PaysBrunei
84%
JetpunkBrunei
84%
PopulationBrunei
84%
CherLaos
83%
DensémentLaos
83%
PIB/capitaTadjikistan
82%
PopulationBhoutan
80%
PIB/capitaNepal
78%
PopulationTimor oriental
78%
JetpunkTimor oriental
78%
DensémentTurkmenistan
77%
TristeAfghanistan
76%
PIB/capitaAfghanistan
76%
CherCambodge
76%
TristeCambodge
76%
DensémentKazakhstan
75%
CherVietnam
74%
TristeYemen
73%
PIB/capitaYemen
73%
PIB/capitaKirghizistan
71%
JetpunkKirghizistan
71%
JetpunkMaldives
71%
PaysMaldives
71%
PopulationMaldives
71%
TristeSyrie
71%
CherThailande
71%
CherInde
68%
TristeGeorgie
66%
DensémentArabie saoudite
62%
PaysChypre
50%
CapitaleMalé
19%
CapitaleBandar Seri Begawan
18%
CapitaleThimphou
17%
CapitaleManama
14%
CapitaleSri Jayawardenepura Kotte
12%

Distribution des résultats

Percentile par nombre de réponses

% des personnes avec chaque résultat

Votre développement - résultats

Vous n’avez pas pris ce quiz